000
00320nam a2200157Ia 4500
100
_a
Shajahan/S
250
_a
2
942
_c
RB
366
_f
15
654
_a
research methods
245
_a
Research methods for Management
260
_b
Jaico
_c
2004
082
_a
658.57
_b
SHA
300
_a
391
546
_a
ENGLISH
999
_c
30796
_d
30796